Materials and process selection for engineering design /

Salvato in:
Dettagli Bibliografici
Autore principale: Farag, Mahmoud M (Autore)
Natura: Libro
Lingua:inglese
Pubblicazione: Boca Raton CRC Press 2014
Edizione:3rd Ed.
Soggetti:
Tags: Aggiungi Tag
Nessun Tag, puoi essere il primo ad aggiungerne!!

MARC

LEADER 00000nam a22000003a 4500
001 0016591
003 SK-STU
005 20160822091907.7
007 ta
008 160822s ----xo-----e------000-0-----d
020 |a 978-1-4665-6409-1 
040 |a STU  |b slo 
041 0 |a eng 
044 |a xxu 
100 1 |a Farag, Mahmoud M  |4 aut 
245 1 0 |a Materials and process selection for engineering design /  |c aut. Mahmoud M Farag 
250 |a 3rd Ed. 
260 |a Boca Raton  |b CRC Press  |c 2014 
300 |a 513 p. 
650 0 7 |a výrobné procesy 
650 0 7 |a materiály 
996 |b 284M086726  |c M* 13881-1  |l MMKN  |s A  |a 24  |w 0016591_0001